000 01022nam a22003137a 4500
003 CHAP
005 20220329135034.0
008 971013s1970 cr r 00010 spa d
010 _a29935
011 _a30907
035 _a35019
040 _cCHAP
090 _aFolleto 7944
100 0 0 _aMalugani, María Dolores.
_970210
245 1 0 _aAcceso regional a la información en las ciencias agrícolas :
_bla experiencia de América Latina
260 _aTurrialba, Costa Rica :
_bAIBDA,
_c1970
300 _a36 p.
490 0 _aBoletín técnico
_v; 8
590 _aBATCH-UPD
_b10
_c20130110
_lUCH01
_h0316
590 _aBATCH-UPD
_b10
_c20130110
_lUCH01
_h1918
590 _aBATCH-UPD
_b10
_c20130409
_lUCH01
_h2349
590 _aBATCH-UPD
_b10
_c20130914
_lUCH01
_h0109
590 _aCONVERSION
_b10
_c20130109
_lUCH01
_h1317
650 1 4 _aAgricultura
_xServicios de información.
_91791
830 0 _aBoletín técnico
_v; 8
_913560
901 _aBK
942 _cFOLL
949 _aFolleto 7944
_bBC
_cB
_d-80929
_eB
_i35019
_mD
_si
999 _c29935
_d29935